Essais politiques et philosophiques / (Record no. 158357)

MARC details
000 -LEADER
campo de control de longitud fija 00997nam a2200229 i 4500
001 - NÚMERO DE CONTROL
campo de control 158357
003 - IDENTIFICADOR DE NÚMERO DE CONTROL
campo de control ES-MaACL
005 - FECHA Y HORA DE LA ÚLTIMA TRANSACCIÓN
campo de control 20230906211118.0
008 - DATOS DE LONGITUD FIJA--INFORMACIÓN GENERAL
campo de control de longitud fija 990726s1872 fr |||| |cfre d
040 ## - FUENTE DE CATALOGACIÓN
Centro catalogador/agencia de origen CCPB | B
Lengua de catalogación spa
Centro/agencia transcriptor CCPB | B
100 0# - ENTRADA PRINCIPAL--NOMBRE DE PERSONA
Nombre de persona Macaulay, Thomas Babington Macaulay
Títulos y otros términos asociados al nombre Baron.
9 (RLIN) 75067
245 10 - MENCIÓN DEL TÍTULO
Título Essais politiques et philosophiques /
Mención de responsabilidad, etc. par Lord Macaulay ; traduits par M. Guillaume Guizot.
250 ## - MENCION DE EDICION
Mención de edición Deuxième éd.
260 ## - PUBLICACIÓN, DISTRIBUCIÓN, ETC.
Lugar de publicación, distribución, etc. Paris :
Nombre del editor, distribuidor, etc. Michel Levy Frères,
Fecha de publicación, distribución, etc. 1872 (
Lugar de fabricación/manufactura Clichy :
Fabricante Imp. P. Dupont et C\pie\s)
300 ## - DESCRIPCIÓN FÍSICA
Extensión [4], 548 p. ;
Dimensiones 22 cm.
505 8# - NOTA DE CONTENIDO CON FORMATO
Nota de contenido con formato Contiene: Machiave et l'Italie ; Lord Bacon et sa philosophie ; De la papauté ; Des rapports de l'Eglise et de l'État ; Des incapacités politiques des Juifs ; M. James Mill et les théories utilitaires en matière de gouverment
596 ## - NOTA AL PIE DE IMPRENTA
NOTA AL PIE DE IMPRENTA Marca del ed. en port.
597 ## - NOTA DE DESCRIPCIÓN FÍSICA
NOTA DE DESCRIPCIÓN FÍSICA Antep.
700 1# - ENTRADA AGREGADA--NOMBRE PERSONAL
Nombre de persona Guizot, Guillaume (
Fechas asociadas al nombre 1833-1892)
9 (RLIN) 149492
852 ## - LOCALIZACIÓN
Ubicación ES-MaACL
Número de control de estantería G-4163
Nota libre -- Enc. hol.
Holdings
Estatus retirado Estado de pérdida Estado de daño No para préstamo Colección Biblioteca de origen Biblioteca actual Ubicación en estantería Fecha de adquisición Fuente de adquisición Total de préstamos Signatura topográfica completa Código de barras Visto por última vez Precio de reemplazo Tipo de ítem Koha
        Libros del s. XIX Biblioteca del Ateneo de Madrid Biblioteca del Ateneo de Madrid Depósito 2 17/01/2008     G-4163 1165740 23/02/2023 23/02/2023 Libro impreso antiguo